Meilleurs buteurs QCM - Statistiques

Statistiques générales
  • Ce quiz a été pris 129 fois
  • Le résultat moyen est 6 sur 10
Statistiques - réponses
Question Réponse % Correct
Quel est le meilleur buteur de l'histoire de la Coupe du Monde? Miroslav Klose
88%
Lequel de ces joueurs n'a pas terminé meilleur buteur de la Coupe du Monde 2010? Lionel Messi
71%
Lequel de ces joueurs est le meilleur buteur du Bayern Munich? Gerd Müller
70%
Quel joueur a terminé meilleur buteur de Liga lors de la saison 2018-2019? Lionel Messi
65%
Lequel de ces joueurs est le meilleur buteur de l'histoire de la Coupe d'Afrique des Nations? Samuel Eto'o
63%
Lequel de ces joueurs n'a jamais terminé meilleur buteur d'une Ligue des Champions? Wayne Rooney
61%
Quel joueur n'a jamais terminé meilleur buteur d'un Euro? Alessandro Del Piero
54%
Quel joueur est le meilleur buteur de la sélection d'Angleterre? Wayne Rooney
50%
Lequel des ces joueurs n'a jamais été meilleur buteur d'une édition des Jeux Olympiques? Neymar
32%
Combien de buts compte Jimmy Greaves le meilleur buteur de l'histoire du championnat anglais 357
16%
Aucun quiz correspondant
Distribution des résultats
% des personnes avec chaque résultat
Percentile par nombre de réponses
Votre historique - résultats
Vous n’avez pas pris ce quiz